Newcastle United Players - Statistics

General Stats
  • This quiz has been taken 11 times
  • The average score is 11 of 16
Answer Stats
Picture Answer % Correct
Alan Shearer
100%
Bruno Guimarães
91%
Joelinton
91%
Ayoze Pérez
82%
Jonjo Shelvey
82%
David Ginola
73%
Hatem Ben Arfa
73%
Jamaal Lascelles
73%
Joe Willock
73%
Les Ferdinand
64%
Papiss Cissé
64%
Peter Beardsley
64%
Fabricio Coloccini
55%
Faustino Asprilla
55%
Nolberto Solano
55%
Shay Given
55%
No matching quizzes found
Score Distribution
Percent of People with Each Score
Percentile by Number Answered
Your Score History
You have not taken this quiz